UBT Library

Biochemical Individuality (Record no. 51677)

000 -LEADER
fixed length control field 00267nam a22001217a 4500
008 - FIXED-LENGTH DATA ELEMENTS--GENERAL INFORMATION
fixed length control field 181102b xxu||||| |||| 00| 0 eng d
041 ## - LANGUAGE CODE
Language code of text/sound track or separate title eng
080 ## - UNIVERSAL DECIMAL CLASSIFICATION NUMBER
Universal Decimal Classification number 575
100 ## - Rafti
Rafti 5
101 ## - Shkurtesa
Shkurtesa BIO
245 ## - TITLE STATEMENT
Title Biochemical Individuality
Statement of responsibility, etc Williams,R.J
942 ## - ADDED ENTRY ELEMENTS (KOHA)
Source of classification or shelving scheme
Item type Books
Holdings
Withdrawn status Lost status Source of classification or shelving scheme Damaged status Not for loan Collection code Permanent location Current location Shelving location Date acquired Total Checkouts Full call number Barcode Date last seen Price effective from Koha item type
          Koleksioni i përgjithshem UBT - Lipjan UBT - Lipjan Koleksioni i përgjithshem 11/02/2018   575 WIL 002-3017723 11/02/2018 11/02/2018 Books
UBT Library © 2015-2024. All rights reserved University Education for Business and Technology